Größte deutsche städte nach buchstaben des alphabets - Statistiken

Allgemein
  • Dieses Quiz wurde 203 mal gespielt
    189 seit der letzten Aktualisierung
  • Das Durchschnittsergebnis liegt bei 17 aus 26
Antwortstatistiken
Buchstabee Bevölkerung Städte % Korrekt
B 3,426,354 Berlin
99%
A 265,208 Aachen
88%
F 650,000 Frankfurt am Main
88%
H 1,739,117 Hamburg
88%
M 1,260,391 München
88%
E 593,085 Essen
86%
C 1.034.175 Köln
84%
D 588,462 Dortmund
83%
S 589,793 Stuttgart
83%
N 499,237 Nürnberg
79%
J 104,712 Jena
75%
L 504,971 Leipzig
75%
I 120,658 Ingolstadt
73%
W 360,797 Wuppertal
65%
G 270,028 Gelsenkirchen
64%
P 145,292 Potsdam
64%
U 120,451 Ulm
62%
X 21,587 Xanten
62%
Z 98,796 Zwickau
61%
O 219,176 Oberhausen
54%
K 283,799 Karlsruhe
53%
Q 22,814 Quedlinburg
48%
R 198,293 Rostock
47%
T 100,129 Trier
46%
V 87,669 Velbert
10%
Y 1,034 Yach
2%
Keine übereinstimmenden Quizze gefunden
Verteilung der Resultate
Anzahl Personen mit jedem Resultat
Perzentil nach korrekt beantworteten Fragen
Ihre Resultats-Entwicklung
Sie haben dieses Quiz seit der letzten Aktualisierung nicht gespielt